Los Orígenes del Estado en América Latina
Tallennettuna:
| Päätekijä: | |
|---|---|
| Aineistotyyppi: | Teksti |
| Julkaistu: |
s.l:
s.e.
|
| Tagit: |
Lisää tagi
Ei tageja, Lisää ensimmäinen tagi!
|
MARC
| LEADER | 00000 a a2200000 04500 | ||
|---|---|---|---|
| 001 | 22313 | ||
| 003 | |||
| 040 | |||
| 090 | |a 151600 | ||
| 100 | |a Córdova, Arnaldo | ||
| 245 | |a Los Orígenes del Estado en América Latina | ||
| 260 | |a s.l: |b s.e. | ||
| 300 | |a 41 p | ||
| 999 | |c 15810 |d 15810 | ||
